000 00425nam a22001697a 4500
003 MPLRDC
005 20220104123708.0
008 210129b ||||| |||| 00| 0 eng d
020 _a983-9190-16-4
082 _a490.99 HCF
100 _a何财福 主编
245 _a马来西亚杰出华裔企业家
_c
260 _a马来西亚
_b南洋商报
_c
300 _b465
650 _a商学总论
942 _cBK
_o490.99 HCF
999 _c13455
_d13445